000
00212nam a22000857a 4500
008
170125b xxu||||| |||| 00| 0 eng d
100
_9
2576
_a
Brunkus.D
245
_a
Junie B First Drander
260
_a
New delhi
_b
RH
_c
2002
999
_c
5702
_d
5702